| 000 | 00655nam a2200217 a 4500 | ||
|---|---|---|---|
| 001 | 092533 | ||
| 003 | BD-ChCU | ||
| 008 | Ben | ||
| 020 | _a | ||
| 040 |
_aDLC _cDLC _dBD-ChCU |
||
| 082 | 0 | 0 | _a৩৯৪.০৯৫৪১৪/অ-সু-বা |
| 100 | 1 |
_aসুর, অতুল _b- |
|
| 245 | 1 | 0 |
_aবাঙলার সামাজিক ইতিহাস _b- |
| 250 | _a*** | ||
| 260 |
_aকলিকাতা _bজিজ্ঞাসা _c১৯৯১ |
||
| 300 | _a** | ||
| 504 | _a- Biblio- | ||
| 650 | 0 |
_aসামাজিক চিত্র _bবাংলাদেশ-সমাজ চিত্র |
|
| 700 | 1 | _a- | |
| 942 |
_2ddc _cBK |
||
| 999 |
_c92533 _d92533 |
||